01041nam a2200229 a 450000100100000000500170001000800410002702000180006804000250008608200180011110000430012924500830017226000370025530000280029250000470032050400320036759000260039995201310042595201160055695201220067299900170079400004697520201002053245.0180406s2016 dr a 000 0 spa d a9789945123791 aDO-SdBNPbspacBNPHU axxxxbR696edu1 aRodríguez Rosario, Islen Elba97487410aEducación artística 6 :bnivel primario /cIslen Elba Rodríguez Rosario. aSanto Domingo :bSusaeta,c2016. a151 p. :bil. ;c22 cm. aEnfoque por competencias nuevo currículo aBibliografía : p. 150-151 aInventariado, 2018/LP 001054708DSaGRbGRcHDd2018-04-10iLF1l0oxxxx R696edup46975-30r2020-06-25te. 3w2020-06-25yLFDSZPréstamo en sala 0010718PDaPDbPDcHDd2018-04-10iLF1l0oxxxx R696edup46975-10r2020-06-25w2020-06-25yLFPDZNo se presta 0010718PDaPDbPDcHDd2018-04-10iLF1l0oxxxx R696edup46975-20r2020-06-25te. 2w2020-06-25yLFPDZNo se presta c46463d46463